Largest Cities on Each Continent Beginning With 'F' - Statistics

General Stats
  • This quiz has been taken 152 times
  • The average score is 9 of 30
Answer Stats
Continent Population Answer % Correct
Europe 3,275,000 Frankfurt
89%
South America 3,775,000 Fortaleza
85%
Africa 1,340,000 Freetown
68%
Europe 1,000,000 Florence
67%
Asia 4,550,000 Fuzhou
67%
Asia 3,950,000 Faisalabad
63%
Africa 1,330,000 Fez
61%
North America 1,000,000 Fresno
59%
Asia 2,800,000 Fukuoka
58%
South America 1,050,000 Florianópolis
52%
North America 335,934 Fort Wayne
40%
Europe 354,500 Freiburg
28%
North America 325,008 Fayetteville (NC)
25%
North America 373,687 Fayetteville - Springdale (AR/MO)
25%
North America 326,332 Fort Collins
24%
Asia 1,310,000 Fuyang
15%
North America 401,983 Flint
14%
Europe 145,348 Foggia
11%
South America 254,900 Formosa (Arge.)
10%
Asia 1,228,890 Fŭshùn
10%
Africa 173,791 Francistown
7%
South America 616,272 Feira de Santana
6%
South America 352,240 Franca
6%
Europe 266,358 Farnborough
5%
Africa 531,861 Fayoum
4%
South America 309,677 Foz do Iguaçu
4%
Africa 191,776 Fianarantsoa
1%
Europe 142,994 Fuengirola - Mijas
1%
Asia 801,151 Fuling
1%
Africa 125,112 Faqous
0%
No matching quizzes found
Score Distribution
Percent of People with Each Score
Percentile by Number Answered
Your Score History
You have not taken this quiz